Movies Missing Half a Word Quiz Stats

 Plays Quiz Updated Mar 30, 2018

Challenge
Share
Tweet
Embed
Score 0/30 Timer 04:00
0 Plays Today
Half Movie Other Half % Correct
Ghostbusters
98.2%
Cinderella
93.3%
Casablanca
92.4%
Braveheart
91.1%
Scarface
90.3%
Psycho
89.4%
Seabiscuit
88.1%
Avatar
87.2%
Goodfellas
83.1%
Goldfinger
83%
Transformers
78.3%
Superman
77.2%
Fantasia
72.2%
Zombieland
69.7%
Badlands
65.9%
Half Movie Other Half % Correct
Frozen
65.2%
Hoosiers
62.7%
Gigi
61.2%
Gaslight
56.9%
Lolita
55%
Stagecoach
53.9%
Gandhi
53.2%
Sideways
52.1%
Jaws
48.6%
Patton
45.5%
Grease
43.7%
Munich
34.4%
Magnolia
29.8%
Aliens
27.9%
Capote
23.4%

You're not logged in!

Compare scores with friends on all Sporcle quizzes.
OR
Log In

You Might Also Like...

Show Comments

Extras

Top Quizzes Today


Score Distribution

Your Account Isn't Verified!

In order to create a playlist on Sporcle, you need to verify the email address you used during registration. Go to your Sporcle Settings to finish the process.

Report this User

Report this user for behavior that violates our Community Guidelines.

Details: